ბათუმის შოთა რუსთაველის სახელმწიფო უნივერსიტეტის ბიბლიოთეკა

არაორგანული ქიმიის კურსი. ნ.2 : (ბიბ.ჩანაწერი № 38803)

000 -ლიდერი
ფიქსირებული სიგრძის საკონტროლო ველი 01235nam a2200253Ia 4500
001 - საკონტროლო ნომერი
საკონტროლო ველი 5166
003 - საკონტროლო ნომრის იდენტიფიკატორი
საკონტროლო ველი GE_BSU
005 - ბოლო ოპერაციის თარიღი და დრო
საკონტროლო ველი 20190529201454.0
008 - ფიქსირებული სიგრძის მონაცემთა ელემენტები - ზოგადი ინფორმაცია
ფიქსირებული სიგრძის საკონტროლო ველი 181216s1985||||ge |||||||||||||| ||geo||
040 ## - კატალოგიზაციის წყარო
Transcribing agency GE_BSU
041 ## - ენის კოდი
Language code of text/sound track or separate title geo
080 ## - უნივერსალური ათობითი კლასიფიკაციის ინდექსი
Universal Decimal Classification number 546(075.8) ა-76
245 ## - ცნობა სათაურის შესახებ
Title არაორგანული ქიმიის კურსი. ნ.2 :
Remainder of title დ.ი.მენდელეევის პერიოდული სისტემის ელემენტებისა და მათი ნაერთების ქიმია /
Statement of responsibility, etc დ.გვარამაძე ; გ. ცინცაძე ; პ.გაგნიძე ; პ. ხარაიძე ; რედ : თ.კობერიძე.
264 ## - წარმოების, გამოცემის, დისტრიბუციის და სხვა ცნობები
გამოცემის, წარმოების, დისტრიბუციის... ადგილი თბილისი :
გამოცემის, წარმოების, დისტრიბუციის... სახელწოდება განათლება,
გამოცემის, წარმოების, დისტრიბუციის... თარიღი 1985.
300 ## - ფიზიკური აღწერა
Extent 240 გვ .:
Dimensions 21 სმ.
653 ## - INDEX TERM--UNCONTROLLED
Uncontrolled term არაორგანული ქიმია
653 ## - INDEX TERM--UNCONTROLLED
Uncontrolled term ქიმია
700 ## - ADDED ENTRY--PERSONAL NAME
Personal name გვარამაძე, დ
9 (RLIN) 1766
700 ## - ADDED ENTRY--PERSONAL NAME
Personal name ცინცაძე, გ
9 (RLIN) 1759
700 ## - ADDED ENTRY--PERSONAL NAME
Personal name გაგნიძე, პ
9 (RLIN) 1784
700 ## - ADDED ENTRY--PERSONAL NAME
Personal name ხარაიძე, პ
9 (RLIN) 1815
700 ## - ADDED ENTRY--PERSONAL NAME
Personal name კობერიძე, თ
Relator term რედაქტორი
9 (RLIN) 1783
942 ## - ADDED ENTRY ELEMENTS (KOHA)
Koha item type წიგნი
Source of classification or shelving scheme
ეგზემპლარები
ჩამოწერის სტატუსი დაკარგული ეგზემპლარის სტატუსი კლასიფიკაციის წყარო ან თაროზე გაწყობის სქემა დაზიანების სტატუსი არ გაიცემა მუდმივი მდებარეობა (დაცვის ადგილი) ამჟამინდელი ადგილსამყოფელი თაროზე განთავსების ადგილი შეძენის თარიღი ღირებულება, შესყიდვის ნორმალური ფასი სრული შენახვის შიფრი შტრიხკოდი ბოლო ოპერაციის თარიღი ეგზემპლარის მიმდევრობითი ნომერი (კეტერი?) ფასის ძალაში შესვლის თარიღი ეგზემპლარის სახეობა საჯარო შენიშვნა
          ტექნოლოგიური ფაკულტეტის ბიბლიოთეკა ტექნოლოგიური ფაკულტეტის ბიბლიოთეკა წიგნსაცავი 2018-12-17 1.00 546(075.8) ა-76 9717 2018-12-17 9717 2018-12-17 წიგნი 1 ლ. 20 თ.
          ტექნოლოგიური ფაკულტეტის ბიბლიოთეკა ტექნოლოგიური ფაკულტეტის ბიბლიოთეკა წიგნსაცავი 2018-12-17 1.00 546(075.8) ა-76 9718 2018-12-17 9718 2018-12-17 წიგნი 1 ლ. 20 თ.
          ტექნოლოგიური ფაკულტეტის ბიბლიოთეკა ტექნოლოგიური ფაკულტეტის ბიბლიოთეკა წიგნსაცავი 2018-12-17 1.00 546(075.8) ა-76 9719 2018-12-17 9719 2018-12-17 წიგნი 1 ლ. 20 თ.